Dibujo para diseñadores industriales

Guardat en:
Dades bibliogràfiques
Autors principals: Julián, Fernando (Autor), Albarracín, Jesús (Autor)
Format: Llibre
Idioma:espanyol
Publicat: Barcelona Parramón Ediciones S. A 2011
Edició:4a. ed
Col·lecció:Aula de Dibujo Profesional
Matèries:
Etiquetes: Afegir etiqueta
Sense etiquetes, Sigues el primer a etiquetar aquest registre!

MARC

LEADER 00000cam a2200000 a 4500
001 UCF7146
003 CL-VaPUC
008 130606e20110300SP |||||||||||||||||spa|d
020 |a 9788434227989 
082 0 4 |a 604.2  |b JUL  |2 21 
100 0 |a Julián, Fernando  |e author  |9 569125 
700 0 |a Albarracín, Jesús  |e author  |9 569126 
245 1 0 |a Dibujo para diseñadores industriales 
250 |a 4a. ed 
300 |a 191 p 
942 |c BK 
945 |d 20130606 00:00:00  |a dcastane 
260 |a Barcelona  |b Parramón Ediciones S. A  |c 2011 
650 7 |a DIBUJO TECNICO  |2 CL-VaPUC  |9 569127 
650 0 |a Diseño industrial  |9 262726 
583 |a last modification  |c 20130606 11:56:00  |k Rodrigo Vera 
490 0 |a Aula de Dibujo Profesional 
999 |c 352065  |d 352063 
952 |0 0  |1 0  |4 0  |6 604_200000000000000_JUL_2011  |7 0  |8 A  |9 456590  |a BIBARQ  |b BIBARQ  |d 2019-11-22  |i 4977718  |l 12  |o 604.2 JUL 2011  |p 4977718  |r 2025-01-20  |s 2024-05-16  |w 2019-11-22  |y BK  |k ARQ